000 00879nam0a22002411 4500
001 rc\4626207
005 20250611212021.0
035 _a(NLR Aleph) 008402495
090 _a9244848
_c9244848
100 _a20130416d1963 |||y0rusy50 ca
101 0 _arus
102 _aRU
105 _ay z |||||
200 1 _aСтенографический отчет
_fОдиннадцатая сессия Верховного Совета Сев.-Осет. АССР (пятого созыва). 26 дек. 1962 г.
210 _aОрджоникидзе
_cБ. и.
_d1963
215 _a108 с.
_d22
710 0 1 _aСеверо-Осетинская АССР
_bВерховный совет
_bСозыв
_bСессия
_c5
_d11
_9669698
_3RU\NLR\AUTH\880504885
801 0 _aRU
_bNLR
_gpsbo
801 1 _aRU
_bELAR
_2rusmarc
852 _aNLR
_j63-5/3813
942 _cBOOK
980 _aNB